[Event "London Classic Open 2015"]
[Site "London ENG"]
[Date "2015.12.07"]
[Round "5.69"]
[White "Rocco, Federico"]
[Black "Abrahams, Daniel"]
[Result "1-0"]
[WhiteElo "1855"]
[BlackElo "2111"]
[WhiteFideId "431362"]
[BlackFideId "2606879"]
[EventDate "2015.12.04"]

1. e4 c5 2. Nf3 e6 3. d3 b6 4. g3 Bb7 5. Bg2 d6 6. O-O Nd7 7. Nbd2 Qc7 8. b3 Be7
9. Bb2 Bf6 10. d4 cxd4 11. Nxd4 a6 12. Nc4 Ne7 13. Nxe6 fxe6 14. Nxd6+ Kf8 15.
Bxf6 Nxf6 16. Nxb7 e5 17. f4 Kg8 18. fxe5 Ne8 19. Bh3 h6 20. Qd7 Qxe5 21. Be6+
Kh7 22. Qxe7 Qd4+ 23. Kg2 Nf6 24. Bf5+ Kg8 25. Qe6+ Kf8 26. Bg6 1-0

[Event "London Classic Open 2015"]
[Site "London ENG"]
[Date "2015.12.07"]
[Round "5.70"]
[White "Peiris, T G M"]
[Black "Reutimann, Hans Peter"]
[Result "1-0"]
[WhiteElo "2099"]
[BlackElo "1717"]
[WhiteFideId "9901310"]
[BlackFideId "1313886"]
[EventDate "2015.12.04"]

1. e4 e6 2. d4 d5 3. Nd2 Bb4 4. c3 Ba5 5. Bd3 c6 6. Ne2 Ne7 7. O-O O-O 8. e5 Nd7
9. f4 c5 10. Nf3 cxd4 11. cxd4 Bb6 12. Kh1 f6 13. Qe1 f5 14. g4 Ng6 15. gxf5
exf5 16. Bd2 Re8 17. Ng3 Ndf8 18. Nxf5 Ne6 19. Qg3 Bc7 20. h4 Nexf4 21. Bxf4
Bxf5 22. Bxf5 Nxf4 23. Qxf4 Rf8 24. Ng5 1-0

[Event "London Classic Open 2015"]
[Site "London ENG"]
[Date "2015.12.07"]
[Round "5.72"]
[White "Klingher, Dominic"]
[Black "Gross, Willi"]
[Result "0-1"]
[WhiteElo "1758"]
[BlackElo "2095"]
[WhiteFideId "428850"]
[BlackFideId "1270470"]
[EventDate "2015.12.04"]

1. e4 d6 2. Nc3 c5 3. f4 g6 4. Bb5+ Bd7 5. Bc4 Nc6 6. Nf3 Bg7 7. O-O e6 8. d3
Nge7 9. Qe1 Na5 10. Bb3 h6 11. g4 Nxb3 12. axb3 f5 13. exf5 gxf5 14. g5 Qb6 15.
Be3 a6 16. Qf2 Nc6 17. Rfe1 O-O-O 18. Na4 Qc7 19. d4 cxd4 20. Nxd4 Nxd4 21. Bxd4
Bxd4 22. Qxd4 hxg5 23. fxg5 e5 24. Nb6+ Kb8 25. Nxd7+ Rxd7 26. Qf2 Rdh7 27. Re2
f4 28. Qf3 Rh3 29. Qd5 Qb6+ 30. Kh1 f3 31. Rd2 f2 32. Qg2 Rxh2+ 33. Qxh2 Qc6+ 0-1

[Event "London Classic Open 2015"]
[Site "London ENG"]
[Date "2015.12.07"]
[Round "5.73"]
[White "Juknis, Paulius"]
[Black "Charisiadis, Archimidis"]
[Result "1-0"]
[WhiteElo "2192"]
[BlackElo "1740"]
[WhiteFideId "12802247"]
[BlackFideId "4240081"]
[EventDate "2015.12.04"]

1. e4 e5 2. Bc4 Nf6 3. d4 exd4 4. Nf3 Nc6 5. e5 d5 6. Bb5 Ne4 7. Nxd4 Bd7 8.
Bxc6 bxc6 9. O-O Bc5 10. f3 Ng5 11. f4 Ne4 12. Be3 Bb6 13. Nc3 Nxc3 14. bxc3 Qc8
15. Qd2 O-O 16. a4 a5 17. Qf2 f6 18. Qg3 Kh8 19. f5 fxe5 20. Qxe5 Qe8 21. Qg3
Qf7 22. Rf4 Qf6 23. Raf1 Rae8 24. Ne6 Bxe3+ 25. Qxe3 Rf7 26. Qg3 Bc8 27. Ng5
Rfe7 28. Ne6 h6 29. Qd3 Kg8 30. Nc5 Re3 31. Qd4 Rxc3 32. Qf2 Rce3 33. Ne6 Re5
34. Qa7 Bxe6 35. fxe6 Qxe6 36. Qxc7 Re1 37. h3 Qe3+ 38. Kh1 Rxf1+ 39. Rxf1 Qe2
40. Rf7 Qe1+ 41. Kh2 Qe5+ 42. Kg1 Qxc7 43. Rxc7 Re1+ 44. Kf2 Ra1 45. Rxc6 Rxa4
46. Ke3 Ra3+ 47. Kd4 Rg3 48. Kxd5 Rxg2 49. c4 Kh7 50. c5 Rh2 51. Ra6 Rxh3 52. c6
Rd3+ 53. Ke6 Re3+ 54. Kd6 Rd3+ 55. Ke6 Re3+ 56. Kd7 Rd3+ 57. Kc8 Rc3 58. c7 g5
59. Kd7 Rxc7+ 60. Kxc7 h5 61. Kd6 1-0

[Event "London Classic Open 2015"]
[Site "London ENG"]
[Date "2015.12.07"]
[Round "5.74"]
[White "Skutta, Bernd"]
[Black "Lyell, Mark"]
[Result "1/2-1/2"]
[BlackTitle "FM"]
[WhiteElo "1973"]
[BlackElo "2228"]
[WhiteFideId "4666950"]
[BlackFideId "402354"]
[EventDate "2015.12.04"]

1. d4 e6 2. Nf3 f5 3. g3 Nf6 4. Bg2 d5 5. O-O Bd6 6. c4 c6 7. b3 Qe7 8. Bb2 O-O
9. Nbd2 Nbd7 10. Ne5 a5 11. a3 Ne4 12. f3 Nxd2 13. Qxd2 a4 14. Nd3 axb3 15. c5
Bc7 16. e4 fxe4 17. fxe4 Nf6 18. e5 Nd7 19. Qc3 Rxf1+ 20. Rxf1 b6 21. cxb6 Nxb6
22. Qxc6 Ba6 23. Rf3 Bxd3 24. Rxd3 Rb8 25. Rxb3 Nd7 26. Rxb8+ Nxb8 27. Qb7 Qd7
28. Bh3 Kf7 29. Bc3 Qc6 30. Qb3 Bb6 31. Bf1 Qc7 32. Bb5 Qxe5 33. Be8+ Kxe8 34.
Qxb6 Qe3+ 35. Kg2 Nd7 36. Qc6 Qe2+ 37. Kg1 Qe3+ 38. Kf1 Qf3+ 39. Ke1 Qh1+ 40.
Kd2 Qxh2+ 41. Kc1 Qh1+ 42. Kd2 Qh2+ 43. Kc1 Qh6+ 44. Kb2 Qf6 45. a4 Qf2+ 46. Kb3
Qxg3 47. Qxe6+ Kd8 48. Qxd5 Kc8 49. Qg8+ Kb7 50. Qxh7 Qg2 51. Qf5 Nb6 52. Qb5
Qd5+ 53. Qxd5+ Nxd5 54. Kc4 Kc6 55. Bd2 Nf6 56. a5 Nd5 57. Kd3 Nc7 58. Ke4 Kb5
59. Ke5 Kc4 60. Bg5 Kb5 61. Bd8 Na6 62. d5 g5 63. d6 g4 64. Bb6 g3 65. d7 Nb8 1/2-1/2

[Event "London Classic Open 2015"]
[Site "London ENG"]
[Date "2015.12.07"]
[Round "5.75"]
[White "Moran, Stephen"]
[Black "McKerracher, Douglas"]
[Result "1-0"]
[WhiteElo "2127"]
[BlackElo "1972"]
[WhiteFideId "2501872"]
[BlackFideId "2401002"]
[EventDate "2015.12.04"]

1. d4 f5 2. Bg5 g6 3. Nc3 Bg7 4. h4 d5 5. Qd2 c6 6. f3 Qb6 7. O-O-O Nd7 8. e4
Ndf6 9. e5 Nd7 10. Be3 e6 11. h5 Ne7 12. Nh3 gxh5 13. Nf4 Nf8 14. Nxh5 Rg8 15.
Bh6 Bxh6 16. Qxh6 Rg6 17. Nf6+ Kf7 18. Qh5 Ng8 19. Nxh7 Nxh7 20. Qxh7+ Rg7 21.
Qh5+ Kf8 22. g4 fxg4 23. fxg4 Qd8 24. Bd3 Qg5+ 25. Qxg5 Rxg5 26. Rdf1+ Ke8 27.
Rh8 Ke7 28. Rh7+ Ke8 29. Rh8 Ke7 30. Rfh1 Bd7 31. R1h7+ Ke8 32. Be2 Rd8 33. Nd1
Bc8 34. Nf2 Rd7 35. Rxd7 Bxd7 36. Rh7 Ne7 37. Kd2 Kf8 38. Ke3 Rg7 39. Rh8+ Rg8
40. Rh1 Kg7 41. Bd3 Ng6 42. Bxg6 Kxg6 43. Nd3 Rf8 44. Nf4+ Kg7 45. Nh5+ Kg6 46.
Nf6 Bc8 47. Kf4 a6 48. g5 a5 49. Kg4 b6 50. Rh6+ Kg7 51. Kh5 1-0

[Event "London Classic Open 2015"]
[Site "London ENG"]
[Date "2015.12.07"]
[Round "5.76"]
[White "Hebbes, Tim"]
[Black "Shepley, Julien M"]
[Result "0-1"]
[WhiteElo "2112"]
[BlackElo "1968"]
[WhiteFideId "406570"]
[BlackFideId "403210"]
[EventDate "2015.12.04"]

1. d4 d6 2. e4 Nf6 3. Nc3 e5 4. Nf3 Nbd7 5. Bc4 Be7 6. O-O c6 7. a4 Qc7 8. Re1
h6 9. h3 a6 10. a5 Rb8 11. d5 b5 12. axb6 Nxb6 13. Bb3 g5 14. dxc6 Qxc6 15. Nd5
Nfxd5 16. exd5 Qc7 17. Be3 Nd7 18. Nd2 h5 19. Ne4 f5 20. Nxg5 Bxg5 21. Bxg5 Nc5
22. Ra3 Nxb3 23. Rxb3 Rxb3 24. cxb3 Bb7 25. Qd3 Qf7 26. Rc1 O-O 27. Rd1 Rc8 28.
b4 Kh7 29. h4 Qd7 30. Qe3 Qb5 31. Qf3 Kg6 32. Qg3 Kh7 33. Bf6 Rg8 34. Qf3 Kg6
35. Be7 Qxb4 36. b3 Rg7 37. Bd8 Rd7 38. Bg5 Rc7 39. Qd3 Qg4 40. Qe3 Qxd1+ 0-1

[Event "London Classic Open 2015"]
[Site "London ENG"]
[Date "2015.12.07"]
[Round "5.77"]
[White "Salimbeni, George P W"]
[Black "Rice, Chris B"]
[Result "1-0"]
[WhiteElo "2107"]
[BlackElo "1956"]
[WhiteFideId "404080"]
[BlackFideId "404446"]
[EventDate "2015.12.04"]

1. e4 e6 2. d4 d5 3. Nd2 Nf6 4. e5 Nfd7 5. Bd3 c5 6. c3 Nc6 7. Ne2 cxd4 8. cxd4
f6 9. exf6 Nxf6 10. Nf3 Bd6 11. O-O Qc7 12. Bg5 O-O 13. Bh4 Nh5 14. Nc3 a6 15.
Re1 g6 16. Rc1 Qg7 17. Be2 Nf4 18. Bg3 Bd7 19. a3 g5 20. h3 Rf7 21. Rc2 Raf8 22.
Rd2 h5 23. Ne5 Nxe5 24. dxe5 Bxe5 25. Bxh5 Re7 26. Bg4 Bxc3 27. bxc3 Qxc3 28.
Bxf4 Rxf4 29. Rxd5 Qg7 30. Rde5 Qf6 31. Qd2 Kg7 32. g3 Rxg4 33. hxg4 Kg6 34.
Qd3+ Kh6 35. Qe3 Kg6 36. f3 Bc6 37. Kg2 Bd7 38. Qd3+ Kg7 39. Qe3 Kg6 40. Qe4+
Kf7 41. Qxb7 1-0

[Event "London Classic Open 2015"]
[Site "London ENG"]
[Date "2015.12.07"]
[Round "5.78"]
[White "Harstad, Christian"]
[Black "Jamroz, Krzysztof"]
[Result "1-0"]
[WhiteElo "1954"]
[BlackElo "2103"]
[WhiteFideId "1504045"]
[BlackFideId "1111850"]
[EventDate "2015.12.04"]

1. d4 Nf6 2. c4 e6 3. Nc3 c5 4. d5 exd5 5. cxd5 d6 6. e4 g6 7. h3 Bg7 8. Bd3 O-O
9. Nf3 Na6 10. O-O Nc7 11. Re1 a6 12. a4 Rb8 13. a5 b5 14. axb6 Rxb6 15. Nd2 Nb5
16. Nc4 Rb8 17. Bd2 Nd4 18. Bf4 Ne8 19. Ra2 f6 20. Bg3 Bb7 21. Na5 Qb6 22. Nc4
Qc7 23. f4 Qf7 24. f5 Qd7 25. fxg6 hxg6 26. Ne2 f5 27. Nf4 g5 28. Ng6 Rf6 29.
exf5 Bf8 30. Qh5 Qg7 31. Qxg5 Bxd5 32. Rxa6 Bf7 33. Ra7 Nc6 34. Rd7 Rd8 35. Rxd8
Nxd8 36. Ne3 Bxg6 37. fxg6 Nc6 38. Qh5 Nd4 39. Bc4+ Ne6 40. Ng4 Rxg6 41. Bxe6+
Rxe6 42. Rxe6 Qd4+ 43. Kh2 Ng7 44. Qg6 1-0

[Event "London Classic Open 2015"]
[Site "London ENG"]
[Date "2015.12.07"]
[Round "5.79"]
[White "Serntedakis, Athanasios"]
[Black "Lochte, Szilvia"]
[Result "1-0"]
[WhiteElo "2091"]
[BlackElo "1914"]
[WhiteFideId "4239423"]
[BlackFideId "708410"]
[EventDate "2015.12.04"]

1. e4 c5 2. Nc3 e6 3. g3 Nc6 4. Bg2 g6 5. d3 Bg7 6. Nge2 Nge7 7. O-O O-O 8. Be3
Nd4 9. Qd2 d6 10. Nc1 Rb8 11. Nd1 b5 12. c3 Ndc6 13. Bh6 Qb6 14. Bxg7 Kxg7 15.
Ne3 h5 16. f4 Bd7 17. f5 Ng8 18. g4 hxg4 19. Nxg4 Ne5 20. f6+ Kh7 21. Nxe5 dxe5
22. Rf3 Nxf6 23. Rxf6 Qd8 24. Rf3 Kg7 25. Rh3 Rh8 26. Rxh8 Qxh8 27. Qf2 Qh5 28.
Nb3 Rh8 29. h3 c4 30. Nc5 Be8 31. Rf1 Qg5 32. Kh2 cxd3 33. Nxd3 a6 34. Qg3 Qxg3+
35. Kxg3 f6 36. Nc5 Bf7 37. Nxa6 Ra8 38. Nb4 1-0

[Event "London Classic Open 2015"]
[Site "London ENG"]
[Date "2015.12.07"]
[Round "5.80"]
[White "Sielicki, Tomasz"]
[Black "Brugo, Marco"]
[Result "1/2-1/2"]
[WhiteElo "1948"]
[BlackElo "2071"]
[WhiteFideId "1111400"]
[BlackFideId "806609"]
[EventDate "2015.12.04"]

1. d4 f5 2. e4 fxe4 3. Nc3 Nf6 4. Bg5 Nc6 5. d5 Ne5 6. Qe2 d6 7. Bxf6 gxf6 8.
Qxe4 f5 9. Qd4 Bg7 10. O-O-O O-O 11. f4 Ng4 12. Qd2 e5 13. dxe6 Bxe6 14. h3 Nf6
15. Bd3 d5 16. Qe2 Qd6 17. g3 Qc6 18. Nf3 Ne4 19. Bxe4 dxe4 20. Nd4 Qc4 21. Qxc4
Bxc4 22. b3 Rad8 23. bxc4 Rxd4 24. Rxd4 Bxd4 25. Nd5 c6 26. Rd1 Bf2 27. Nc3 Rf7
28. Ne2 Kf8 29. Rd8+ Ke7 30. Rg8 Kd6 31. Kd2 Kc5 32. Kc3 a5 33. g4 a4 34. Ra8
Be1+ 35. Kb2 fxg4 36. hxg4 Bd2 37. Re8 Bxf4 38. Rxe4 Bd2 39. c3 Rf3 40. Kc2 Re3
41. Rxe3 Bxe3 42. Kd3 Bf2 43. Nf4 Kd6 44. g5 Ke7 45. g6 1/2-1/2

[Event "London Classic Open 2015"]
[Site "London ENG"]
[Date "2015.12.07"]
[Round "5.81"]
[White "Wright, Jonathan ENG"]
[Black "Compton, Alistair"]
[Result "0-1"]
[WhiteElo "1923"]
[BlackElo "2061"]
[WhiteFideId "418331"]
[BlackFideId "4300645"]
[EventDate "2015.12.04"]

1. e4 e6 2. d4 d5 3. Nd2 Nf6 4. e5 Nfd7 5. f4 c5 6. dxc5 Bxc5 7. Qg4 g6 8. Ngf3
Nc6 9. Nb3 Be7 10. Be3 f6 11. Bb5 a6 12. Bxc6 bxc6 13. h4 f5 14. Qg3 Kf7 15. h5
c5 16. c3 a5 17. Nh4 Qg8 18. h6 Qd8 19. Nf3 a4 20. Nbd2 Ba6 21. Ng5+ Bxg5 22.
fxg5 Qb8 23. Bf4 Qxb2 24. Rb1 Qxa2 25. Qe3 Rhb8 26. Kf2 Rxb1 27. Rxb1 Qc2 28.
Kg3 a3 29. c4 a2 30. Ra1 Bxc4 0-1

[Event "London Classic Open 2015"]
[Site "London ENG"]
[Date "2015.12.07"]
[Round "5.82"]
[White "Rovai, Andrea"]
[Black "Guo, Emma"]
[Result "1/2-1/2"]
[BlackTitle "WIM"]
[WhiteElo "1839"]
[BlackElo "2050"]
[WhiteFideId "2833072"]
[BlackFideId "3200795"]
[EventDate "2015.12.04"]

1. e4 e5 2. Nf3 Nc6 3. Bb5 a6 4. Bxc6 dxc6 5. O-O Bd6 6. d4 Bg4 7. dxe5 Bxf3 8.
Qxf3 Bxe5 9. Nd2 Qf6 10. Qxf6 Bxf6 11. Nc4 Bd4 12. Rd1 O-O-O 13. Be3 Bxe3 14.
Rxd8+ Kxd8 15. Rd1+ Kc8 16. Nxe3 Nf6 17. f3 Rd8 18. Rxd8+ Kxd8 19. Kf2 Kd7 20.
Nc4 c5 21. Ke3 Ke6 22. h3 Ne8 23. f4 b5 24. Nd2 Nd6 25. g4 f6 26. h4 h6 27. f5+
Ke7 28. Kf4 Nf7 29. Nf3 Kd6 30. c3 1/2-1/2

[Event "London Classic Open 2015"]
[Site "London ENG"]
[Date "2015.12.07"]
[Round "5.83"]
[White "De Coverly, Roger D"]
[Black "Jacob, Sydney J"]
[Result "1-0"]
[WhiteElo "2037"]
[BlackElo "1884"]
[WhiteFideId "405213"]
[BlackFideId "419338"]
[EventDate "2015.12.04"]

1. e4 e6 2. d4 d5 3. exd5 exd5 4. c4 Bb4+ 5. Nc3 Nf6 6. Nf3 O-O 7. Be2 dxc4 8.
Bxc4 Qe7+ 9. Be3 Be6 10. Bxe6 Qxe6 11. O-O c6 12. a3 Bxc3 13. bxc3 Qc4 14. Qc2
Nbd7 15. Nd2 Qe6 16. c4 b6 17. h3 Rfc8 18. Rfe1 Qd6 19. a4 c5 20. d5 Re8 21. Qf5
Qe5 22. Qxe5 Nxe5 23. a5 Nd3 24. Red1 Nb4 25. axb6 axb6 26. Rxa8 Rxa8 27. Bg5
Nd7 28. Nf3 f6 29. Bd2 Ra4 30. Bf4 Nc2 31. Nd2 b5 32. Bd6 bxc4 33. Ne4 Ra1 34.
Rxa1 Nxa1 35. Kf1 Nb3 36. Ke1 Kf7 37. Kd1 Nb6 38. Nc3 Ke8 39. Bc7 Nc8 40. Na4
Kd7 41. Bb8 Kd8 42. Kc2 Ne7 43. Nb6 Nc8 44. Nxc4 Nd4+ 45. Kd3 Kd7 46. f4 Nb5 47.
g4 Kd8 48. f5 Kd7 49. Bf4 Nc7 50. Ke4 Nb5 51. Bd2 Ncd6+ 52. Nxd6 Nxd6+ 53. Kd3
h5 54. Bf4 c4+ 55. Kd4 c3 56. Kxc3 Ne4+ 57. Kd4 Nf2 58. gxh5 Nxh3 59. Be3 Kd6
60. Ke4 Kd7 61. Kf3 Kd6 62. Ke4 Kd7 63. Bc5 Ng5+ 64. Kf4 Nh3+ 65. Ke3 Ng5 66.
Bf8 Ke8 67. Bxg7 Kf7 68. h6 1-0

[Event "London Classic Open 2015"]
[Site "London ENG"]
[Date "2015.12.07"]
[Round "5.84"]
[White "Niccoli, Tony"]
[Black "Calderon, Paul"]
[Result "1-0"]
[WhiteElo "2009"]
[BlackElo "1842"]
[WhiteFideId "432946"]
[BlackFideId "2082160"]
[EventDate "2015.12.04"]

1. e4 c5 2. Nc3 Nc6 3. f4 e6 4. Nf3 a6 5. d4 cxd4 6. Nxd4 Bc5 7. Be3 Qe7 8. Qd2
b5 9. O-O-O Bb7 10. Be2 Nf6 11. Bf3 O-O 12. e5 Ne8 13. Ne4 Nxd4 14. Bxd4 Bxe4
15. Bxe4 Ra7 16. Qe3 Rc7 17. Bxc5 Rxc5 18. Rxd7 Rxc2+ 19. Bxc2 Qxd7 20. Rd1 Qc6
21. Qe4 Qxe4 22. Bxe4 f6 23. exf6 Nxf6 24. Bb7 a5 25. g3 Kf7 26. Ba6 b4 27. b3
Nd5 28. Bc4 Nc3 29. Re1 Re8 30. f5 Nxa2+ 31. Kc2 Nc3 32. fxe6+ Ke7 33. Re5 a4
34. bxa4 Rc8 35. Kb3 Nxa4 36. Kxb4 Nb2 37. Bb5 Rb8 38. Kc3 Nd1+ 39. Kd2 Nf2 40.
Bc4 Ng4 41. Rg5 Nxh2 42. Rxg7+ Kf6 43. Rf7+ Kg6 44. Bd3+ Kg5 45. e7 Re8 46. Bb5
Nf3+ 47. Ke3 1-0

[Event "London Classic Open 2015"]
[Site "London ENG"]
[Date "2015.12.07"]
[Round "5.87"]
[White "Vachtfeidl, Petr"]
[Black "Thatte, Nishchal"]
[Result "1-0"]
[WhiteElo "1983"]
[BlackElo "1203"]
[WhiteFideId "315028"]
[BlackFideId "447234"]
[EventDate "2015.12.04"]

1. e4 e5 2. Nf3 Nc6 3. Bb5 a6 4. Ba4 Nf6 5. O-O d5 6. exd5 Nxd5 7. Nxe5 Bd7 8.
Nxf7 Kxf7 9. Qh5+ Ke6 10. Nc3 Nxc3 11. dxc3 h6 12. Bb3+ Kd6 13. Qd5+ Ke7 14.
Bg5+ hxg5 15. Rae1+ Be6 16. Qxe6# 1-0

[Event "London Classic Open 2015"]
[Site "London ENG"]
[Date "2015.12.07"]
[Round "5.88"]
[White "Disu, Kayode"]
[Black "Myers, Dominique"]
[Result "1-0"]
[WhiteElo "1910"]
[BlackElo "2132"]
[WhiteFideId "432849"]
[BlackFideId "2041715"]
[EventDate "2015.12.04"]

1. c4 Nf6 2. Nc3 d5 3. cxd5 Nxd5 4. g3 g6 5. Bg2 Nb6 6. h4 h5 7. d3 Bg7 8. Be3
Nc6 9. Bxc6+ bxc6 10. Nf3 Nd5 11. Bd4 O-O 12. Bxg7 Kxg7 13. Qd2 Rb8 14. Rc1 Nf6
15. b3 Qd6 16. Na4 Bg4 17. Ng5 Rb5 18. Qc3 Re5 19. Ne4 Nxe4 20. dxe4 f6 21. f3
Bc8 22. Nc5 Rd8 23. Kf2 Qd2 24. f4 Qxc3 25. Rxc3 Rxc5 26. Rxc5 Rd2 27. Ra5 a6
28. Ke3 Rb2 29. Rd1 Kf7 30. Kd3 Bg4 31. Re1 Ke6 32. Rxa6 Kd6 33. Kc3 Rxe2 34.
Rxe2 Bxe2 35. Ra8 e5 36. Rg8 Ke6 37. Rxg6 Kf7 38. f5 c5 39. a4 Bd1 40. a5 Be2
41. Kd2 Bb5 42. g4 hxg4 43. h5 1-0

[Event "London Classic Open 2015"]
[Site "London ENG"]
[Date "2015.12.07"]
[Round "5.89"]
[White "Rogiers, Jan"]
[Black "Shah, Dipak K"]
[Result "1-0"]
[WhiteElo "2145"]
[BlackElo "1837"]
[WhiteFideId "205109"]
[BlackFideId "425842"]
[EventDate "2015.12.04"]

1. d4 g6 2. c4 Bg7 3. Nc3 d6 4. Nf3 Nd7 5. e4 c5 6. d5 Ngf6 7. Be2 Nb6 8. h3 Bd7
9. O-O O-O 10. Re1 Qc7 11. Bf1 e5 12. dxe6 fxe6 13. Bf4 e5 14. Be3 a6 15. a4
Rae8 16. Qd2 Be6 17. b3 Nh5 18. Ng5 Qe7 19. a5 Nc8 20. Nxe6 Qxe6 21. Nd5 Rf7 22.
Rad1 Nf6 23. Nxf6+ Bxf6 24. b4 cxb4 25. Qxb4 Kh8 26. Rd2 Rc7 27. Red1 Qe7 28.
Qa4 Rf8 29. c5 dxc5 30. Bc4 b5 31. axb6 Nxb6 32. Qxa6 Nxc4 33. Qxc4 Qf7 34. Rd5
Be7 35. Qc3 Qf6 36. Rxe5 Qg7 37. Bh6 Qg8 38. Rxe7+ 1-0

[Event "London Classic Open 2015"]
[Site "London ENG"]
[Date "2015.12.07"]
[Round "5.90"]
[White "Fernandez Aransay, Fernando"]
[Black "Heuser, Philip"]
[Result "0-1"]
[WhiteElo "1826"]
[BlackElo "2119"]
[WhiteFideId "2216280"]
[BlackFideId "4654358"]
[EventDate "2015.12.04"]

1. e4 c6 2. d4 d5 3. exd5 cxd5 4. Bd3 Nc6 5. c3 Nf6 6. Bf4 Bg4 7. Qb3 Qc8 8. Nd2
e6 9. Ngf3 Be7 10. O-O O-O 11. Rae1 Bh5 12. Ne5 Nxe5 13. dxe5 Nd7 14. Qc2 Bg6
15. Bxg6 fxg6 16. Bg3 b5 17. a3 a5 18. Nb3 Bc5 19. Kh1 Qb7 20. f4 Qa7 21. Qe2
Rab8 22. Ra1 a4 23. Nd2 Be3 24. Bf2 Bxf2 25. Rxf2 Nc5 26. Raf1 Rf7 27. Rf3 Qd7
28. Qf2 Qc6 29. Qh4 Rbf8 30. Rh3 h6 31. Rff3 Ne4 32. Qg4 Nxd2 33. Qxg6 Nxf3 34.
Rxh6 Rf5 35. gxf3 R8f7 36. Rh3 Qc4 37. Qh7+ Kf8 38. Kg1 Qxf4 39. Qh8+ Ke7 40.
Qb8 Qe3+ 41. Kh1 Qe1+ 42. Kg2 Qe2+ 43. Kg1 Qxe5 44. Qa7+ Kf6 45. Qf2 Rg5+ 46.
Kf1 Qf4 47. Qe1 Ke7 0-1

[Event "London Classic Open 2015"]
[Site "London ENG"]
[Date "2015.12.07"]
[Round "5.91"]
[White "Fontaine, Olivier"]
[Black "Foord, Dominic"]
[Result "0-1"]
[WhiteElo "1826"]
[BlackElo "2075"]
[WhiteFideId "666548"]
[BlackFideId "415391"]
[EventDate "2015.12.04"]

1. Nf3 d5 2. g3 Nf6 3. Bg2 g6 4. O-O Bg7 5. d3 O-O 6. c4 d4 7. b4 Re8 8. Bb2 e5
9. Na3 a5 10. b5 Nbd7 11. Nc2 Nc5 12. Rb1 Bf5 13. Nh4 Be6 14. Bxb7 Nxb7 0-1

[Event "London Classic Open 2015"]
[Site "London ENG"]
[Date "2015.12.07"]
[Round "5.92"]
[White "Sucikova, Svetlana"]
[Black "Miu, Marinel"]
[Result "1-0"]
[WhiteElo "2070"]
[BlackElo "1820"]
[WhiteFideId "14923653"]
[BlackFideId "1220691"]
[EventDate "2015.12.04"]

1. c4 e6 2. Nc3 d6 3. d4 Be7 4. g3 Nd7 5. Bg2 Bf6 6. Nf3 h6 7. O-O Ne7 8. e4 Ng6
9. b3 c6 10. Ba3 Qa5 11. Qc1 c5 12. e5 dxe5 13. dxc5 a6 14. Ne4 Be7 15. Nd6+
Bxd6 16. cxd6 O-O 17. b4 Qa4 18. Re1 f5 19. Qc3 e4 20. Nd4 Nf6 21. Bb2 e5 22.
Nb3 Qc6 23. c5 Be6 24. Na5 Qd7 25. Nc4 Bxc4 26. Qxc4+ Kh7 27. a4 Rfc8 28. Qb3 a5
29. Ba3 axb4 30. Bxb4 Nf8 31. Bf1 Ne6 32. Bb5 Rc6 33. Red1 Nd4 34. Qb2 Nf3+ 35.
Kg2 Qf7 36. Be2 Qh5 37. h3 f4 38. Ra3 Nh4+ 39. gxh4 f3+ 40. Kh2 fxe2 41. Re1
Qxh4 42. Qxe2 Kh8 43. Rd1 e3 44. Be1 Qf4+ 45. Kh1 exf2 46. Bxf2 Nd7 47. Rf3 Qxa4
48. Rf7 Rcc8 49. Rg1 Qc6+ 50. Kh2 Rg8 51. Qh5 Ra2 52. Rg6 Rxf2+ 53. Rxf2 Qe4 54.
Rf7 Nf8 55. Rg2 Nh7 56. Qf5 Qxf5 57. Rxf5 e4 58. Rf7 Ng5 59. Rxb7 Nf3+ 60. Kg3
Rd8 61. Kf4 Ng5 62. Rxg5 1-0

[Event "London Classic Open 2015"]
[Site "London ENG"]
[Date "2015.12.07"]
[Round "5.93"]
[White "Kalerwa, Edwin M"]
[Black "Praczukowski, Stanislaw"]
[Result "0-1"]
[WhiteElo "1823"]
[BlackElo "2038"]
[WhiteFideId "422223"]
[BlackFideId "1182730"]
[EventDate "2015.12.04"]

1. c4 Nf6 2. d4 e6 3. Nc3 Bb4 4. Bd2 O-O 5. e3 b6 6. Be2 Bb7 7. Bf3 Bxf3 8. Qxf3
d5 9. Nge2 c6 10. cxd5 cxd5 11. O-O Nbd7 12. a3 Ne4 13. Nxe4 dxe4 14. Qxe4 Bxd2
15. Qc2 Bxe3 16. fxe3 Qg5 17. Rf3 Rac8 18. Qd2 Nf6 19. Nc3 Rfd8 20. Raf1 Qg6 21.
Qf2 Rd7 22. Qh4 Qg4 23. Qe1 Nd5 24. Rg3 Qh5 25. Rh3 Qg6 26. Rg3 Qd3 27. Nxd5
exd5 28. Qf2 Kh8 29. Qf4 f6 30. h4 Re8 31. h5 h6 32. Rff3 Rde7 33. Qd6 Qe4 34.
Rg6 Qe6 35. Qxe6 Rxe6 36. Kf2 Rc6 37. Rf5 Rc2+ 38. Kf3 Rd8 39. Rf4 Rxb2 40. e4
Rb3+ 41. Kg4 dxe4 42. Rxe4 Rd3 43. Kf5 R3xd4 44. Re7 R8d5+ 45. Ke6 Re5+ 46. Kf7
Rxe7+ 47. Kxe7 Kg8 48. Rg3 Re4+ 49. Kd6 Rh4 50. Ke6 Rxh5 51. a4 Re5+ 52. Kd6 Kf7
53. Kc6 Rc5+ 54. Kd6 Ra5 55. Rg4 b5 56. axb5 Rxb5 57. Ra4 a5 58. Kc6 Rg5 59. g4
h5 60. gxh5 Rxh5 61. Kd6 Re5 0-1

[Event "London Classic Open 2015"]
[Site "London ENG"]
[Date "2015.12.07"]
[Round "5.94"]
[White "Mitra, Roman C"]
[Black "Giakoustidis, Spiros-Avgerinos"]
[Result "1-0"]
[WhiteElo "2023"]
[BlackElo "1824"]
[WhiteFideId "419540"]
[BlackFideId "4208668"]
[EventDate "2015.12.04"]

1. e4 d6 2. g3 g6 3. Bg2 Bg7 4. Ne2 e5 5. O-O Nf6 6. Nbc3 Nc6 7. d4 O-O 8. d5
Ne7 9. Bg5 h6 10. Bxf6 Bxf6 11. Qd2 Bg7 12. Nd1 f5 13. f3 g5 14. c4 Ng6 15. exf5
Bxf5 16. Ne3 Bd7 17. Qc2 Ne7 18. Nc3 Nf5 19. Nxf5 Bxf5 20. Ne4 c6 21. Qb3 cxd5
22. cxd5 Rf7 23. Qb4 Bf8 24. Rfc1 Rc7 25. Rc3 Rac8 26. Rac1 Be7 27. g4 Bg6 28.
Qxb7 Rxc3 29. Rxc3 Rxc3 30. Nxc3 Qb6+ 31. Qxb6 axb6 32. Bf1 Kf7 33. Kf2 Ke8 34.
Bb5+ Kd8 35. Ke3 Kc7 36. Bc6 Bf8 37. b4 Kd8 38. a4 Kc7 39. a5 bxa5 40. bxa5 Bc2
41. Nb5+ 1-0